A dictionary of dietetics / (Record no. 128972)

MARC details
000 -LEADER
fixed length control field 00622nam a22002177a 4500
005 - DATE AND TIME OF LATEST TRANSACTION
control field 20170124110049.0
010 ## - LIBRARY OF CONGRESS CONTROL NUMBER
LC control number 100560
020 ## - INTERNATIONAL STANDARD BOOK NUMBER
Terms of availability 00.00
035 ## - SYSTEM CONTROL NUMBER
System control number 100560
037 ## - SOURCE OF ACQUISITION
Source of stock number/acquisition Cen Lib/Ret
040 ## - CATALOGING SOURCE
Original cataloging agency DPL
Language of cataloging EN
082 ## - DEWEY DECIMAL CLASSIFICATION NUMBER
Classification number 616.303
Item number ELL
100 ## - MAIN ENTRY--PERSONAL NAME
Personal name Ellis, Rhoda
9 (RLIN) 24980
245 ## - TITLE STATEMENT
Title A dictionary of dietetics /
Statement of responsibility, etc by Rhoda Ellis
260 ## - PUBLICATION, DISTRIBUTION, ETC. (IMPRINT)
Name of publisher, distributor, etc Philosophical Library
Date of publication, distribution, etc 1956
Place of publication, distribution, etc New York
270 ## - ADDRESS
Address 15East 40th Street
City New York
300 ## - PHYSICAL DESCRIPTION
Extent 152p. :
Dimensions 20cm(Hb)
Other physical details ill.
650 ## - SUBJECT ADDED ENTRY--TOPICAL TERM
Topical term or geographic name as entry element Food -- Dictionaries
9 (RLIN) 24981
650 ## - SUBJECT ADDED ENTRY--TOPICAL TERM
Topical term or geographic name as entry element Dietetics -- Dictionaries
9 (RLIN) 24982
942 ## - ADDED ENTRY ELEMENTS (KOHA)
Source of classification or shelving scheme Dewey Decimal Classification
Koha item type English Books
Classification part 616.303
Call number suffix ELL
Holdings
Withdrawn status Lost status Damaged status Not for loan Home library Current library Date acquired Source of acquisition Cost, normal purchase price Total Checkouts Full call number Barcode Date last seen Date checked out Copy number Cost, replacement price Price effective from Koha item type
        Central Library Central Library 04/07/2015 Cen Lib/Ret 0.00 2 616.303 ELL 100560 10/10/2019 25/09/2019 1 0.00 04/07/2015 English Books

© Delhi Public Library
Hit Counter
free hit counter